History and eschatology: the presence of eternity

Salvato in:
Dettagli Bibliografici
Autore principale: Bultmann, Rudolf (Autore)
Natura: Libro
Lingua:inglese
Pubblicazione: Nueva York Harper & Row 1957
Serie:Harper Torchbooks
Soggetti:
Tags: Aggiungi Tag
Nessun Tag, puoi essere il primo ad aggiungerne!!

MARC

LEADER 00000nam a2200000 a 4500
001 UCZ5259
003 CL-VaPUC
008 951117e19570000US |||||||||||||||||eng|d
082 0 4 |a 236  |b BUL  |2 21 
100 0 |a Bultmann, Rudolf  |e author  |9 349222 
245 1 0 |a History and eschatology: the presence of eternity 
300 |a 170 p 
942 |c BK 
945 |d 19951117 00:00:00  |a cmena 
260 |a Nueva York  |b Harper & Row  |c 1957 
650 0 |a Escatología  |9 314395 
650 0 |a Teología   |9 258766 
650 7 |a DOCTRINAS RELIGIOSAS  |2 CL-VaPUC  |9 337177 
650 7 |a INMORTALIDAD  |2 CL-VaPUC  |9 320467 
650 0 |a Creencia Religiosa  |9 316904 
583 |a last modification  |c 19951117 00:00:00  |k Rodrigo Vera 
490 0 |a Harper Torchbooks 
999 |c 241579  |d 241577 
952 |0 0  |1 0  |4 0  |6 236_000000000000000_BUL_1957  |7 0  |8 P  |9 253937  |a BIBEDU  |b BIBEDU  |c BIBEDU_PB  |d 2019-11-19  |i 1573438  |o 236 BUL 1957  |p 1573438  |r 2024-01-25  |w 2019-11-19  |y BK  |k FIL 
952 |0 0  |1 0  |4 0  |6 236_000000000000000_BUL_1957  |7 0  |8 P  |9 253938  |a BIBEDU  |b BIBEDU  |c BIBEDU_PB  |d 2019-11-19  |i 1573446  |o 236 BUL 1957  |p 1573446  |r 2024-01-25  |w 2019-11-19  |y BK  |k FIL 
952 |0 0  |1 0  |4 0  |6 236_000000000000000_BUL_1957  |7 0  |8 A  |9 253939  |a BIBHIS  |b BIBHIS  |d 2019-11-19  |i 1202405  |o 236 BUL 1957  |p 1202405  |r 2025-01-20  |w 2019-11-19  |y BK  |k HIS